| 000 | 00370nam a22001217a 4500 | ||
|---|---|---|---|
| 020 | _a0-442-28184-6 | ||
| 082 | _a621.38417 SKO'M | ||
| 100 |
_aSKOMAL, E. N, SMITH, A. A _956675 |
||
| 245 | _aMEASURING THE RADIO FREQUENCY ENVIRONMENT, RADIO MEASUREMENTS ELECTROMAGNETIC INTERFACING MEASUREMENT | ||
| 260 |
_aNEWYORK _bVAN NOSTRAND _c1986 |
||
| 300 | _a368P | ||
| 942 | _cBK | ||
| 999 |
_c567046 _d567046 |
||